[Event "BCF-chT2a 1617 (4NCL)"]
[Site "England"]
[Date "2017.01.15"]
[Round "4.24"]
[White "Grant, David J"]
[Black "Meek, Stephen J"]
[Result "1/2-1/2"]
[WhiteElo "2091"]
[BlackElo "2015"]
[PlyCount "68"]
[EventDate "2016.11.19"]
[EventType "team-tourn"]
[EventRounds "11"]
[EventCountry "ENG"]
[SourceTitle "EXT 2019"]
[Source "ChessBase"]
[SourceDate "2018.10.10"]
[SourceVersion "1"]
[SourceVersionDate "2018.10.10"]
[SourceQuality "1"]
[WhiteTeam "Sussex Martlets"]
[BlackTeam "Downend & Fishponds"]
[WhiteTeamCountry "ENG"]
[BlackTeamCountry "ENG"]

1. e4 c6 2. d4 d5 3. e5 c5 4. dxc5 e6 5. Nf3 Bxc5 6. Bd3 Nc6 7. Nc3 a6 8. 0-0 Nge7 9. Bf4 Ng6 10. Bg3 Be7 11. Re1 0-0 12. a3 b5 13. b4 f5 14. exf6 gxf6 15. Qd2 Rf7 16. Rad1 f5 17. Qh6 Bf6 18. Nb1 Qf8 19. Qxf8+ Rxf8 20. Bd6 Re8 21. Bxf5 Kf7 22. Bxg6+ hxg6 23. Ne5+ Nxe5 24. Bxe5 Bd7 25. Rd3 Bxe5 26. Rxe5 Rec8 27. c3 a5 28. bxa5 Rxa5 29. f4 Ra4 30. g3 Kf6 31. Kf2 Rcc4 32. Nd2 Rc7 33. Nb1 Rcc4 34. Nd2 Rc7 1/2-1/2

[Event "Frome op"]
[Site "Frome"]
[Date "2009.05.10"]
[Round "4"]
[White "Meek, Stephen J"]
[Black "Dawson, Jeffery R"]
[Result "1-0"]
[WhiteElo "1928"]
[BlackElo "2024"]
[PlyCount "159"]
[EventDate "2009.05.08"]
[EventType "swiss"]
[EventRounds "5"]
[EventCountry "ENG"]
[SourceTitle "CBM 130 Extra"]
[Source "ChessBase"]
[SourceDate "2009.07.02"]
[SourceVersion "2"]
[SourceVersionDate "2009.07.15"]
[SourceQuality "1"]

1. e4 e6 2. Nf3 b6 3. d4 Bb7 4. Bd3 d5 5. exd5 Qxd5 6. c4 Bb4+ 7. Bd2 Bxd2+ 8. Nbxd2 Qd6 9. Qe2 Nf6 10. d5 0-0 11. dxe6 fxe6 12. 0-0 Nbd7 13. Ne4 Qf4 14. Nfg5 Nxe4 15. Bxe4 Bxe4 16. Nxe4 Ne5 17. c5 Rad8 18. Rad1 Rd5 19. cxb6 axb6 20. Nc3 Rxd1 21. Nxd1 Rf5 22. Qe3 Qg4 23. f3 Qg6 24. Qe4 Qf6 25. Nc3 Ng6 26. Rd1 Nf4 27. Rd7 Qg5 28. g3 Rf8 29. Kh1 Nh5 30. Ne2 Qf6 31. Rxc7 Qxf3+ 32. Qxf3 Rxf3 33. Rc6 Re3 34. Nc3 b5 35. Rb6 Nf6 36. Rxb5 e5 37. a4 e4 38. a5 Re1+ 39. Kg2 e3 40. b4 Ng4 41. a6 e2 42. Nxe2 Rxe2+ 43. Kf3 Ra2 44. Kxg4 Rxa6 45. Rb7 Ra2 46. h4 Ra4 47. h5 Kf8 48. Kf5 Ra3 49. Rb8+ Kf7 50. Rb7+ Kf8 51. g4 Rf3+ 52. Ke5 Rg3 53. Kf4 Rg1 54. h6 gxh6 55. Rxh7 Rf1+ 56. Ke5 Rb1 57. Rb7 Rg1 58. Kf5 Rf1+ 59. Kg6 Rf4 60. Kh5 Rd4 61. b5 Ke8 62. b6 Rb4 63. Rb8+ Kd7 64. b7 Kc7 65. Rh8 Kxb7 66. Rxh6 Kc7 67. Re6 Kd7 68. Re1 Rb5+ 69. g5 Rb2 70. Kg6 Rg2 71. Kf6 Rf2+ 72. Kg7 Rg2 73. Re5 Rg1 74. Kf6 Rf1+ 75. Rf5 Ra1 76. Kf7 Rg1 77. g6 Rh1 78. g7 Rh7 79. Kg6 Ke6 80. Kxh7 1-0

[Event "Frome op"]
[Site "Frome"]
[Date "2009.05.09"]
[Round "2"]
[White "Meek, Stephen J"]
[Black "Bolt, Graham"]
[Result "0-1"]
[WhiteElo "1928"]
[BlackElo "2090"]
[PlyCount "62"]
[EventDate "2009.05.08"]
[EventType "swiss"]
[EventRounds "5"]
[EventCountry "ENG"]
[SourceTitle "CBM 130 Extra"]
[Source "ChessBase"]
[SourceDate "2009.07.02"]
[SourceVersion "2"]
[SourceVersionDate "2009.07.15"]
[SourceQuality "1"]

1. e4 c5 2. Nf3 Nc6 3. Nc3 e6 4. Bb5 Nd4 5. Bd3 d6 6. Nxd4 cxd4 7. Ne2 e5 8. c3 dxc3 9. dxc3 Nf6 10. c4 Be7 11. 0-0 0-0 12. Bg5 Be6 13. Bxf6 Bxf6 14. Ng3 g6 15. Qe2 Qc7 16. Rfd1 Rac8 17. b3 Bg7 18. Nf1 f5 19. f3 Bh6 20. Kh1 Qc5 21. Re1 f4 22. Rad1 Bg5 23. Nd2 Bd8 24. Nb1 Ba5 25. Rf1 a6 26. Rc1 b5 27. Rc2 b4 28. g4 fxg3 29. hxg3 Bh3 30. Rf2 Bb6 31. g4 Qxf2 0-1

[Event "BCF-chT4 0708 (4NCL)"]
[Site "England"]
[Date "2007.10.27"]
[Round "1.3"]
[White "Jerzynek, Neil"]
[Black "Meek, Stephen J"]
[Result "0-1"]
[WhiteElo "1755"]
[BlackElo "2060"]
[PlyCount "56"]
[EventDate "2007.09.15"]
[EventType "team-swiss"]
[EventRounds "11"]
[EventCountry "ENG"]
[SourceTitle "EXT 2009"]
[Source "ChessBase"]
[SourceDate "2008.11.26"]
[SourceVersion "1"]
[SourceVersionDate "2008.11.26"]
[SourceQuality "1"]
[WhiteTeam "AMCA Hippos"]
[BlackTeam "Bristol II"]
[WhiteTeamCountry "ENG"]
[BlackTeamCountry "ENG"]

1. e4 c5 2. Nf3 Nc6 3. d4 cxd4 4. Nxd4 Nf6 5. Nc3 e5 6. Ndb5 d6 7. Bg5 a6 8. Na3 b5 9. Nd5 Be7 10. Bxf6 Bxf6 11. c3 0-0 12. Nc2 Bg5 13. Bd3 Ne7 14. Nce3 Bxe3 15. Nxe3 Bb7 16. 0-0 d5 17. exd5 Nxd5 18. Nxd5 Qxd5 19. Bxh7+ Kxh7 20. Qh5+ Kg8 21. Qg5 Rad8 22. h4 f6 23. Qg3 Qd2 24. h5 Qf4 25. Qh3 Bc8 26. Qh1 Bg4 27. Rae1 Qg5 28. g3 Qxh5 0-1

[Event "BCF-chT3 0607 (4NCL)"]
[Site "Sunningdale"]
[Date "2006.09.16"]
[Round "1.4"]
[White "Ackley, Peter JE"]
[Black "Meek, Stephen J"]
[Result "1/2-1/2"]
[WhiteElo "2111"]
[BlackElo "2060"]
[PlyCount "35"]
[EventDate "2006.09.16"]
[EventType "team"]
[EventRounds "11"]
[EventCountry "ENG"]
[SourceTitle "CBM 115 Extra"]
[Source "ChessBase"]
[SourceDate "2007.01.10"]
[SourceVersion "1"]
[SourceVersionDate "2007.01.10"]
[SourceQuality "1"]
[WhiteTeam "Mindsports"]
[BlackTeam "Bristol II"]
[WhiteTeamCountry "ENG"]
[BlackTeamCountry "ENG"]

1. c4 f5 2. g3 Nf6 3. Bg2 e6 4. Nf3 Be7 5. 0-0 0-0 6. d4 Ne4 7. Qc2 Bf6 8. Nbd2 d5 9. b3 Nc6 10. Bb2 Nb4 11. Qc1 c6 12. a3 Na6 13. c5 Bd7 14. b4 Be8 15. Ne5 Nxd2 16. Qxd2 Bxe5 17. dxe5 Nc7 18. e3 1/2-1/2